| 000 -LEADER |
| fixed length control field |
00382cam a22001337a 4500 |
| 008 - FIXED-LENGTH DATA ELEMENTS--GENERAL INFORMATION |
| fixed length control field |
180718b1961 xxu||||| |||| 00| 0 eng d |
| 082 ## - DEWEY DECIMAL CLASSIFICATION NUMBER |
| Classification number |
A7x4 M984 |
| 100 ## - MAIN ENTRY--PERSONAL NAME |
| Personal name |
Mutton, Alice F.A. |
| 245 ## - TITLE STATEMENT |
| Title |
Central Europe - a regional and human geography |
| Statement of responsibility, etc. |
by Alice F.A. Mutton |
| 260 ## - PUBLICATION, DISTRIBUTION, ETC. |
| Place of publication, distribution, etc. |
London |
| Name of publisher, distributor, etc. |
Longmans |
| Date of publication, distribution, etc. |
1961 |
| 300 ## - PHYSICAL DESCRIPTION |
| Extent |
475p. |
| 500 ## - GENERAL NOTE |
| General note |
50/- |
| 650 ## - SUBJECT ADDED ENTRY--TOPICAL TERM |
| Topical term or geographic name entry element |
Geography - Europe, Central |